Ang bagong kaibigan ni Bing butiki = (Record no. 355785)
[ view plain ]
| 000 -LEADER | |
|---|---|
| fixed length control field | 00535nam a2200193Ia 4500 |
| 008 - FIXED-LENGTH DATA ELEMENTS--GENERAL INFORMATION | |
| fixed length control field | 180207s9999 xx 000 0 und d |
| 020 ## - INTERNATIONAL STANDARD BOOK NUMBER | |
| International Standard Book Number | 9789715117309 |
| 050 ## - LIBRARY OF CONGRESS CALL NUMBER | |
| Item number | R457 2002 |
| 100 ## - MAIN ENTRY--PERSONAL NAME | |
| Personal name | Reyes, Yna |
| 245 ## - TITLE STATEMENT | |
| Title | Ang bagong kaibigan ni Bing butiki = |
| 245 ## - TITLE STATEMENT | |
| Remainder of title | Bing butiki's new friend / |
| 245 ## - TITLE STATEMENT | |
| Statement of responsibility, etc | by Yna Reyes ; illustrated by Jason Moss. |
| 260 ## - PUBLICATION, DISTRIBUTION, ETC. (IMPRINT) | |
| Place of publication, distribution, etc | Metro Manila, Philippines : |
| 260 ## - PUBLICATION, DISTRIBUTION, ETC. (IMPRINT) | |
| Name of publisher, distributor, etc | OMF Literature Inc., |
| 260 ## - PUBLICATION, DISTRIBUTION, ETC. (IMPRINT) | |
| Date of publication, distribution, etc | 2002 |
| 300 ## - PHYSICAL DESCRIPTION | |
| Extent | 30 pages : |
| 300 ## - PHYSICAL DESCRIPTION | |
| Other physical details | color illustration ; |
| 300 ## - PHYSICAL DESCRIPTION | |
| Dimensions | 22cm. |
| Withdrawn status | Lost status | Damaged status | Home library | Current library | Date acquired | Total Checkouts | Full call number | Barcode | Date last seen | Price effective from | Koha item type |
|---|---|---|---|---|---|---|---|---|---|---|---|
| Stonyhurst Southville International School (Malarayat) | Stonyhurst Southville International School (Malarayat) | 02/07/2018 | ER R457 2002 | SSISM5330 | 02/07/2018 | 02/07/2018 | Books |